| 000 | 00383nam a2200145Ia 4500 | ||
|---|---|---|---|
| 008 | 240429s9999||||xx |||||||||||||| ||und|| | ||
| 041 | _afre | ||
| 082 | _aBE/ME/23 | ||
| 100 | _aParliament of Ghana | ||
| 245 | 0 | _aMinistry of Energy Budget Estimates for 2023 (ejournal) | |
| 300 | _a5p;tab | ||
| 650 | _aMinistry of Energy Budget Estimates for 2023 | ||
| 942 | _cER | ||
| 999 |
_c2092 _d2092 |
||